000 00422nam a2200145 a 4500
005 20140412111403.0
008 060131s19uu xx 00 eng d
050 _aTR(GS 428.4
_bLo87 1999
245 _aA loose tooth, B7 /
_cillustrated by John Standford.
260 _aChicago :
_bWorld book,
_c1997.
300 _a12 p. ; ill.
440 _aWorld Book, Level B
650 _aReading
_xEnglish language
999 _c105490
_d105490